00443 2200181 4500001002100000005001500021035002000036007000300056008004100059020001800100082000800118084001400126100001500140245002900155260004500184300002200229600001000251INLIS00000000000088320220611093150 a0010-0622000027ta220611 d f ind  a978-606-339-9 a895 a895 LIY k0 aLiye, Tere1 aKomet Minor /cTere Liye aJakarta :bGramedia Pustaka Utama,c2019 a376 hlm. ;c20 cm 4aNovel